banner koha

Reproductive phenology of Ditassa burchellii (Apocynaceae, Asclepiadoideae), a herbaceous vine, in a semi-deciduous forest from Brazil (Registro n. 332342)

MARC details
000 -LÍDER
fixed length control field 03662nab a2200265 i 4500
003 - CÓDIGO MARC DA AGÊNCIA CATALOGADORA
Campo de controle BR-BrBNA
005 - DATA E HORA DA ÚLTIMA ATUALIZAÇÃO
Campo de controle 20250701133231.0
008 - CAMPO DE TAMANHO FIXO
fixed length control field 250630b2019 bl.ar|pooa||| 00| 0 eng |
040 ## - FONTE DA CATALOGAÇÃO
Agência catalogadora BR-BrBNA
Idioma da catalogação eng
072 ## - CATEGORIA AGRIS
Código AGRIS F40
100 ## - ENTRADA PRINCIPAL - NOME PESSOAL
Nome pessoal Fontes, Anderson Lopes
100 ## - ENTRADA PRINCIPAL - NOME PESSOAL
Nome pessoal Valentin-Silva, Adriano
100 ## - ENTRADA PRINCIPAL - NOME PESSOAL
Nome pessoal Vieira, Milene Faria
245 ## - TÍTULO PRINCIPAL
Título principal Reproductive phenology of Ditassa burchellii (Apocynaceae, Asclepiadoideae), a herbaceous vine, in a semi-deciduous forest from Brazil
500 ## - NOTA GERAL
Nota geral Publicação on-line; Bibliography p. 7-8 (51 ref.); 2 tables; 3 illus.; Summaries (En, Pt)
942 ## - ADDED ENTRY ELEMENTS (KOHA)
Koha item type Analítica
520 ## - NOTA DE RESUMO
Nota de conteúdo <br/>Abstract<br/><br/>We analyzed the reproductive phenology of Ditassa burchellii and the influence of abiotic factors on the species<br/>phenophases. The study was conducted on individuals of a natural population from a semi-deciduous forest<br/>(Viçosa municipality, Minas Gerais state, southeastern Brazil). We quantified the activity and intensity indices<br/>of the following phenophases: flower bud, flower, immature fruit, and dehiscent fruit. To test for seasonality of<br/>phenophases, we analyzed each of them using Rayleigh test. We evaluated whether there was any association<br/>between abiotic variables (mean temperature, rainfall, and day length) and phenophases, in the month of<br/>occurrence and in the three months prior to the occurrence of each phenophase. The analyzed phenophases<br/>occurred mainly at the end of the rainy season and during the dry season, with overlapping periods, but with<br/>sequential peaks. The periods of occurrence of reproductive phenophases were similar to the ones in other<br/>climbing species and were mainly related to the dispersal mode. All phenophases were seasonal and were<br/>associated with at least one abiotic variable, either in the month of their occurrence or in the previous months.<br/><br/>Key words: anemochory, Atlantic Forest, flowering, fruiting, seasonality.<br/><br/><br/><br/><br/>Resumo<br/><br/>Analisamos a fenologia reprodutiva de Ditassa burchellii e a influência de fatores abióticos em suas fenofases.<br/>O estudo foi realizado em indivíduos de população natural em floresta estacional semidecídua (Viçosa, Minas<br/>Gerais, sudeste do Brasil). Quantificamos os índices de atividade e de intensidade das seguintes fenofases: botões<br/>florais, flores, frutos imaturos e frutos deiscentes. Para testar a sazonalidade dessas fenofases, analisamos cada<br/>uma usando o teste de Rayleigh. Avaliamos se houve associação entre as variáveis abióticas (temperatura média,<br/>precipitação e comprimento do dia) e as fenofases, no mês de ocorrência e também nos três meses anteriores<br/>à ocorrência de cada fenofase. As fenofases ocorreram principalmente no fim da estação chuvosa e durante a<br/>estação seca, com períodos sobrepostos, mas com picos sequenciais. Os períodos de ocorrência das fenofases<br/>reprodutivas foram similares aos de outras espécies de lianas e foram relacionados principalmente com o modo<br/>de dispersão. Todas as fenofases foram sazonais e foram associadas a pelo menos uma das variáveis abióticas,<br/>no mês de sua ocorrência ou nos meses anteriores.<br/><br/>Palavras-chave: anemocoria, Floresta Atlântica, floração, frutificação, sazonalidade.
650 ## - ASSUNTO - THESAGRO
Cabeçalho tópico ou nome geográfico FLORESTA ATLÂNTICA
650 ## - ASSUNTO - THESAGRO
Cabeçalho tópico ou nome geográfico FLORA
650 ## - ASSUNTO - THESAGRO
Cabeçalho tópico ou nome geográfico FRUTIFICAÇÃO
650 ## - ASSUNTO - THESAGRO
Cabeçalho tópico ou nome geográfico VARIAÇÃO SAZONAL
773 0# - ENTRADA ANALÍTICA
Host Biblionumber 709
Registro do item 351354
Imprenta Rio de Janeiro-RJ Jardim Botanico do Rio de Janeiro 1935
Outro identificador 2025-3977
Título Rodriguésia (Brazil)
ISSN 0370-6583; 2175-7860 on-line
Colação v. 70 p. 1-8; (2019)
Número de controle de registro BR2025003117
856 ## - ACESSO E ENDEREÇO ELETRÔNICO
Identificador uniforme de recurso - URI https://www.scielo.br/j/rod/a/ZXNMwrhQFQYfMtGzbjQfvZm/?format=pdf&lang=en

Nenhum exemplar disponível.

BINAGRI

Telefone: (61)3218-2567/2388/3357/2097 - binagri@agro.gov.br

Ministério da Agricultura e Pecuária , Esplanada dos Ministérios, Bloco D, Anexo B, Brasília/DF, CEP: 70.043-900